<?xml version="1.0" encoding="UTF-8"?><?xml-stylesheet type="text/xsl" href="static/style.xsl"?><OAI-PMH xmlns="http://www.openarchives.org/OAI/2.0/" xmlns:xsi="http://www.w3.org/2001/XMLSchema-instance" xsi:schemaLocation="http://www.openarchives.org/OAI/2.0/ http://www.openarchives.org/OAI/2.0/OAI-PMH.xsd"><responseDate>2026-04-14T06:03:13Z</responseDate><request verb="GetRecord" identifier="oai:www.recercat.cat:2072/204240" metadataPrefix="marc">https://recercat.cat/oai/request</request><GetRecord><record><header><identifier>oai:recercat.cat:2072/204240</identifier><datestamp>2024-12-11T12:58:29Z</datestamp><setSpec>com_2072_5164</setSpec><setSpec>com_2072_5163</setSpec><setSpec>col_2072_203744</setSpec></header><metadata><record xmlns="http://www.loc.gov/MARC21/slim" xmlns:dcterms="http://purl.org/dc/terms/" xmlns:xsi="http://www.w3.org/2001/XMLSchema-instance" xmlns:doc="http://www.lyncode.com/xoai" xsi:schemaLocation="http://www.loc.gov/MARC21/slim http://www.loc.gov/standards/marcxml/schema/MARC21slim.xsd">
   <leader>00925njm 22002777a 4500</leader>
   <datafield ind2=" " ind1=" " tag="042">
      <subfield code="a">dc</subfield>
   </datafield>
   <datafield ind2=" " ind1=" " tag="720">
      <subfield code="a">Fondevila i Gascón, Joan Francesc,</subfield>
      <subfield code="e">author</subfield>
   </datafield>
   <datafield ind2=" " ind1=" " tag="260">
      <subfield code="c">2012-11-27</subfield>
   </datafield>
   <datafield ind2=" " ind1=" " tag="520">
      <subfield code="a">Els gèneres periodístics tradicionals s’estan adaptant acceleradament al periodisme digital. De fet, arran dels fenòmens de mitosi mediàtica i mediamorfosi, l’adaptació és mútua: un nou entorn, amb més rapidesa, una nova tipologia de lector i unes noves maneres de produir estan provocant unes sinergies que solquen tot el mitjà i, sobretot, els continguts, els gèneres. És per això que el Grup de Recerca i Anàlisi sobre Periodisme Digital, creat pel Centre d’Estudis sobre el Cable (CECABLE) el 2008, està portant a terme un estudi científic de comparació empírica entre diaris digitals i tradicionals del qual es desprenen unes perspectives d’adaptació i desenvolupament encoratjadores per als gèneres clàssics i oportunitats per als gèneres sorgits de l’onada digital.</subfield>
   </datafield>
   <datafield ind1="8" ind2=" " tag="024">
      <subfield code="a">http://hdl.handle.net/2072/204240</subfield>
   </datafield>
   <datafield ind2="0" ind1="0" tag="245">
      <subfield code="a">Adaptació dels gèneres periodístics al periodisme digital : estudi empíric comparatiu</subfield>
   </datafield>
</record></metadata></record></GetRecord></OAI-PMH>